Futures and option contracting: theory and practice

محفوظ في:
التفاصيل البيبلوغرافية
المؤلف الرئيسي: Marshall, John F. (autor)
التنسيق: كتاب
اللغة:الإسبانية
منشور في: Cincinnati South-Western 1989
الموضوعات:
الوسوم: إضافة وسم
لا توجد وسوم, كن أول من يضع وسما على هذه التسجيلة!

MARC

LEADER 00000nam a2200000 a 4500
001 UCM2449
003 CL-VaPUC
008 020510e19890000US |||||||||||||||||spa|d
082 0 4 |a 332.632  |b MAR  |2 21 
100 |a Marshall, John F.  |e autor  |9 469204 
245 1 0 |a Futures and option contracting: theory and practice 
300 |a 636 p 
942 |c BK 
945 |d 20020510 00:00:00  |a cmena 
260 |a Cincinnati  |b South-Western  |c 1989 
650 7 |a MERCADOS FUTUROS  |2 CL-VaPUC  |9 469205 
650 0 |a Contratos  |9 255153 
650 0 |a Precios   |9 260787 
650 0 |a Inversiones de capital   |9 271545 
583 |a last modification  |c 20020510 00:00:00  |k Rodrigo Vera 
999 |c 300293  |d 300291 
952 |0 0  |1 0  |4 0  |6 332_632000000000000_MAR_1989  |7 0  |8 A  |9 357876  |a BIBGIM  |b BIBGIM  |d 2019-11-21  |i 2716720  |o 332.632 MAR 1989  |p 2716720  |r 2025-01-15  |w 2019-11-21  |y BK  |k COM